000 01322cam a22003131 4500
001 61234
003 DO-SdBNP
005 20240611090404.0
007 61234
008 731004s1969 dr 000 0 spa
010 _a
020 _a8439908555
035 _a
040 _aBPMSU
_c spa
_dBPMSU
050 0 0 _a
_b
082 4 _aPr863.08
_bC965f 1983
_222
245 o 0 _aCuentos folklóricos de Puerto Rico /
_cRecogidos y editados por Ricardo E. Alegría. Ilus. de Rafael Seco.
250 _a7a. ed.
260 _aSanto Domingo :
_bEditora Corripio,
_c1983
300 _a120 p. :
_b il.;
_c19 cm.
490 0 _aColección de estudios puertorriqueños
505 0 _aLos tres hermanos y los objetos maravillosos.--Los tres deseos.--Juan Bobo y la princesa adivinadora.--El ahijado de la muerte.--El plumaje del múcaro.--El conde Cuervo y la princesa.--Pedro Animala y su sombrero de tres picos.--Juan Bobo, la puerca, los pollos y el caldero-- Los hijos del rey y el pájaro adivino.--El conejo y el tigre.--El castillo de irás y no volverás.--Juanito y la princesa.
590 _aInventariado, 2025/VM
650 0 _a Cuentos puertorriqueños
_vColecciones
_z
700 1 _aAlegría, Ricardo E.
700 _aSeco, Rafael
_eilustración
910 _aVMateo V. Control de calidad. BPMSU
942 _2ddc
_cBK
999 _c11077
_d11077